| 000 | 00612nam a22002052 4500 | ||
|---|---|---|---|
| 001 | 0000019442 | ||
| 005 | 20151217152155.0 | ||
| 008 | 101116s xx 000 0 eng d | ||
| 020 | _a1844803279 : | ||
| 040 |
_aKABU _cKABU |
||
| 100 | 1 |
_aKent, Ray. _@0000179153 |
|
| 245 | 1 | 0 |
_aMarketing research : _bapproaches, methods and applications in Europe / _cRay Kent. |
| 250 | _a1st ed. | ||
| 260 |
_aLondon : _bThomson, _c2007. |
||
| 300 | _axix, 592 p. | ||
| 650 | 0 |
_aMarketing research. _@0000151518 |
|
| 852 | 1 | _9p5052.40 KES | |
| 908 | _a101116 | ||
| 950 | _@1 | ||
| 999 |
_c8965 _d8965 |
||